| 000 | 00444nam a2200097Ia 4500 | ||
|---|---|---|---|
| 008 | 180130s9999 xx 000 0 und d | ||
| 245 |
_cJin, Ran; Kou, Chunhai; Liu, Ruijuan; Li, Yefeng _aEfficient parallel spectral clustering algorithm design for large data sets under cloud computing environment |
||
| 260 | _c2016 | ||
| 300 | _aBook title: Cloud architecture and engineering--Acession number C20554; pages 117-126 | ||
| 650 | _aCLOUD ARCHITECTURE | ||
| 999 |
_c353839 _d353839 |
||